000 00565nam a2200181Ia 4500
003 GCL
008 140319s9999 xx 000 0 ara d
040 _aGCL /
_cGCL
082 0 4 _a833.03
_bم خ
100 1 _aليلى نعيم (ترجمة)
245 1 0 _aالخنوع /
_cليلى نعيم (ترجمة)
700 1 _aمان , هايزشى
490 _aمن ادب الشعوب
_v0
650 0 4 _aالادب الالمانى المترجم
650 0 4 _aالقصص الالمانية
650 0 4 _aالمانيا - الأحوال سياسية
942 _2ddc
_cBK
999 _c40054
_d40054